<?xml version="1.0" encoding="UTF-8"?><?xml-stylesheet type="text/xsl" href="static/style.xsl"?><OAI-PMH xmlns="http://www.openarchives.org/OAI/2.0/" xmlns:xsi="http://www.w3.org/2001/XMLSchema-instance" xsi:schemaLocation="http://www.openarchives.org/OAI/2.0/ http://www.openarchives.org/OAI/2.0/OAI-PMH.xsd"><responseDate>2026-06-02T02:15:06Z</responseDate><request verb="GetRecord" identifier="oai:riuma.uma.es:10630/17160" metadataPrefix="marc">https://riuma.uma.es/rest/oai/request</request><GetRecord><record><header><identifier>oai:riuma.uma.es:10630/17160</identifier><datestamp>2026-02-03T12:10:29Z</datestamp><setSpec>com_10630_2254</setSpec><setSpec>col_10630_37959</setSpec></header><metadata><record xmlns="http://www.loc.gov/MARC21/slim" xmlns:dcterms="http://purl.org/dc/terms/" xmlns:doc="http://www.lyncode.com/xoai" xmlns:xsi="http://www.w3.org/2001/XMLSchema-instance" xsi:schemaLocation="http://www.loc.gov/MARC21/slim http://www.loc.gov/standards/marcxml/schema/MARC21slim.xsd">
   <leader>00925njm 22002777a 4500</leader>
   <datafield ind2=" " ind1=" " tag="042">
      <subfield code="a">dc</subfield>
   </datafield>
   <datafield ind2=" " ind1=" " tag="720">
      <subfield code="a">Martínez, Luis</subfield>
      <subfield code="e">author</subfield>
   </datafield>
   <datafield ind2=" " ind1=" " tag="260">
      <subfield code="c">2019-01-16</subfield>
   </datafield>
   <datafield ind2=" " ind1=" " tag="520">
      <subfield code="a">La evidencia indica que los niños con desórdenes o alteraciones en el desarrollo del lenguaje (DDL; denominados previamente TEL) presentan, además de sus dificultades con el lenguaje, un desempeño inferior en variadas tareas cognitivas;  entre ellas, en tareas de funciones ejecutivas. No obstante, la evidencia no es concluyente e incluso contradictoria. El propósito de esta ponencia es triple: (1) revisar y discutir la evidencia sobre las funciones ejecutivas en niños con DDL; (2) presentar datos originales sobre funciones ejecutivas en niños con DDL, de acuerdo con dos modelos: (a) modelo multifactorial (funciones ejecutivas de cambio o flexibilidad, inhibición y actualización o memoria de trabajo) y (b) funciones ejecutivas según la dicotomía de funciones frías y cálidas, es decir, aquellas que incluyen o no la participación de factores afectivos y motivacionales; (3) discutir las implicancias hacia la evaluación y la intervención respecto a estos temas en el marco de la relación entre el lenguaje y la cognición en niños con DDL.</subfield>
   </datafield>
   <datafield ind1="8" ind2=" " tag="024">
      <subfield code="a">https://hdl.handle.net/10630/17160</subfield>
   </datafield>
   <datafield tag="653" ind2=" " ind1=" ">
      <subfield code="a">Lenguaje - Trastornos</subfield>
   </datafield>
   <datafield ind2="0" ind1="0" tag="245">
      <subfield code="a">Lenguaje y funciones ejecutivas en niños con desórdenes en el desarrollo del lenguaje</subfield>
   </datafield>
</record>
</metadata></record></GetRecord></OAI-PMH>